| 000 | 01350nam0a2200349 4500 | ||
|---|---|---|---|
| 001 | RU\NLR\BIBL_A\022732458 | ||
| 005 | 20260601080509.0 | ||
| 010 |
_a978-5-04-225060-6 _92500 |
||
| 021 |
_aRU _bКН-П-25-082107 _9КН-П-25-7950 |
||
| 035 | _a(NLR Aleph) 022732458 | ||
| 090 |
_a13688421 _c13688421 |
||
| 100 | _a20260219d2025 u y0rusy50 ca | ||
| 101 | 0 | _arus | |
| 102 | _aRU | ||
| 105 | _aa z 000ay | ||
| 181 | 0 |
_ai3 _baxxe |
|
| 182 | 0 | _an | |
| 200 | 1 |
_aЗамороженный страх _fВалерий Шарапов _gхудожник Павел Магась |
|
| 203 |
_aТекст _bвизуальный _cнепосредственный |
||
| 210 |
_aМосква _cЭксмо _d2025 |
||
| 215 |
_a315, [2] с. _cил. _d21 |
||
| 225 | 1 |
_aСоветская милиция _iЭпоха порядка |
|
| 300 | _aНа обороте тит. л. в макете и в вып. дан. авт.: Шарапов Валерий Георгиевич | ||
| 333 | _a16+ | ||
| 686 | 2 | _aШ6(2=Р)8-446 | |
| 700 | 1 |
_7ca _8rus _aШарапов _bВ. _cколлективный псевдоним _gВалерий _3RU\NLR\AUTH\770268754 _9268698 |
|
| 702 | 1 |
_aМагась _bП. В. _gПавел В _4040 |
|
| 942 | _cBOOK | ||
| 980 | _aNB | ||